Normal view
MARC view
- Korten, David C
Entry Personal Name
001 - CONTROL NUMBER
- control field: 82327
003 - CONTROL NUMBER IDENTIFIER
- control field: NUST
005 - DATE AND TIME OF LATEST TRANSACTION
- control field: 20210909114331.0
008 - FIXED-LENGTH DATA ELEMENTS
- fixed length control field: 210909|| aca||aabn | a|a d
040 ## - CATALOGING SOURCE
- Original cataloging agency: NUST
- Transcribing agency: NUST
100 ## - HEADING--PERSONAL NAME
- Personal name: Korten, David C
670 ## - SOURCE DATA FOUND
- Source citation: Work cat.: (NUST)33206: Korten, David C., Agenda for a new economy :, c2010.
